000 00785nam a2200241Ia 4500
003 OSt
005 20220923225625.0
006 a|||||r|||| 00| 0
007 ta
008 Pun
024 _a272,661
037 _cTextual
040 _aARTS
_cARTS
_bPun
041 _2Pun
_aPun
082 _aO153,jN16, N9
100 _aਬਜਾਜ, ਪ੍ਰੇਮ ਪ੍ਰਕਾF, ਥਦ.
_9157648
245 0 _aਪ੍ਰੋ ਰਾਮ ਸਿੰਘ
_b ਅਭਿਨੰਦਨ
260 _aਲੁਧਿਆਣਾ
_b ਪੰਜਾਬੀ ਸਾਹਿੱਤ ਅਕਾਦਮੀ
_c1999
300 _a86ਪੰ
_ccm.
650 _aਪੰਜਾਬੀ ਸਾਹਿਤ
942 _hO153,jN16, N9
_cTEXL
_2CC
999 _c379513
_d379513